| 000 | 01187cam a22003254a 4500 | ||
|---|---|---|---|
| 001 | 13508048 | ||
| 003 | OSt | ||
| 005 | 20211214122107.0 | ||
| 008 | 040302s2004 nyua 001 0 eng | ||
| 010 | _a 2004005063 | ||
| 020 | _a1401851630 | ||
| 035 | _a(OCoLC)ocm54694517 | ||
| 038 | _aKhadija | ||
| 040 |
_aDLC _cDLC _dYDX _dBAKER _dBTCTA _dYDXCP _dU3Q _dDLC |
||
| 042 | _apcc | ||
| 050 | 0 | 0 |
_aTR920 _b.M33 2004 |
| 082 | 0 | 0 |
_a670 _222 _bMAD |
| 100 | 1 |
_aMadsen, David A. _986580 |
|
| 245 | 1 | 0 |
_aPrint reading for engineering and manufacturing technology / _cDavid A. Madsen. |
| 250 | _a2nd ed. | ||
| 260 |
_aClifton Park, NY : _bThomson/Delmar Learning, _cc2004. |
||
| 300 |
_aviii, 439 p. : _bill. ; _c28 cm. |
||
| 440 | 0 |
_aDelmar learning blueprint reading series _936211 |
|
| 500 | _aIncludes index. | ||
| 563 | _aPaperback | ||
| 650 | 0 |
_aPhotographic reproduction of plans, drawings, etc. _986581 |
|
| 906 |
_a7 _bcbc _corignew _d1 _eecip _f20 _gy-gencatlg |
||
| 942 |
_2ddc _cBK |
||
| 999 |
_c31622 _d31622 |
||